| 000 | 00481cam a2200193ua 4500 | ||
|---|---|---|---|
| 001 | 10246 | ||
| 008 | 171107n ii |||gr||||Z||||||eng | ||
| 020 | _a9788173813825 | ||
| 040 | _cMAIN | ||
| 041 | _aeng | ||
| 082 | _a330 | ||
| 100 |
_aMukherjee, Sampat, _eAuthor. |
||
| 245 |
_aEconomic principles and problems _cBy Sampat Mukherjee |
||
| 250 | _a3rd ed. | ||
| 260 |
_aGuwahati: _bNew Central Book Agency, _c2016. |
||
| 300 | _a371+216p. | ||
| 653 | _aEconomics | ||
| 942 | _cBK | ||
| 999 |
_c9242 _d9242 |
||